Guess the 1970s song lyrics #216 - Statistics

General Stats
  • This quiz has been taken 48 times
  • The average score is 79 of 168
Answer Stats
Answer % Correct
a
97%
I
97%
the
95%
You
89%
you
89%
go
81%
to
81%
and
78%
on
78%
can
73%
in
73%
it
73%
me
68%
my
68%
be
65%
where
65%
your
65%
Your
65%
can't
59%
You're
59%
that
57%
got
54%
just
54%
too
51%
but
49%
I'll
49%
like
49%
Said
49%
said
49%
up
49%
say
46%
Some
46%
Sweet
43%
emotion
41%
Emotion
41%
from
41%
get
41%
good
41%
take
41%
went
41%
baby
38%
car
38%
Cause
38%
cause
38%
little
38%
took
35%
with
35%
yes
35%
done
32%
far
32%
rabbit
32%
she's
32%
things
32%
Well
32%
year
32%
about
30%
died
30%
hand
30%
daddy
27%
fire
27%
gent
27%
into
27%
make
27%
nobody
27%
real
27%
Talk
27%
talk
27%
ass
24%
cares
24%
catch
24%
face
24%
mama
24%
other
24%
backstage
22%
liar
22%
pants
22%
road
22%
shaking
22%
something
22%
Wearing
22%
wears
22%
drink
19%
eating
19%
glass
19%
police
19%
set
19%
sure
19%
tellin
19%
understand
19%
girlfriend
16%
lied
16%
musta
16%
news
16%
stand
16%
clear
14%
month
14%
name
14%
pulled
14%
town
14%
calling
11%
boogie
8%
front
8%
hog
5%
sweat
5%
No matching quizzes found
Score Distribution
Percent of People with Each Score
Percentile by Number Answered
Your Score History
You have not taken this quiz